000 00561nam a2200193Ia 4500
001 10016
003 IN-NITTTR
005 20251114233053.0
008 251113s9999||||xx |||||||||||||| ||eng||
040 _beng
040 _cIN-NITTTR
041 _aeng
082 _a658 S37Y
100 _aSperry, Len
245 0 _aYou can make it happen :
_b a guide to self-actualization and organizational change. /
_cSperry, Len, Mickelson, Douglas J., Hunsaker, Phillip L.
700 _a Hunsaker, Phillip L.
700 _a Mickelson, Douglas J.
942 _2ddc
_cBK
999 _c12653
_d12653